The Office (U.S.) Character Middle Names - Statistics

General Stats
  • This quiz has been taken 1,999 times
    1,997 since last reset
  • The average score is 6 of 15
Answer Stats
Hint Answer % Correct
What is Dwight Schrutte's middle name? Kurt
84%
What is Michael Scott's middle name? Gary
81%
What is Kelly Hannon's middle name? Erin
68%
What is Angela Martin's middle name? Noelle
65%
What is Pam Beesly's middle name? Morgan
56%
What is Kelly Kapoor's middle name? Rajnigandha
49%
What is Andrew Bernard's middle name? Baines
47%
What is Ryan Howard's middle name? Bailey
40%
What is Jim Halpert's middle name? Duncan
32%
What is Stanley Hudson's middle name? James
24%
What is Oscar Martinez's middle name? Jual Paul
20%
What is Kevin Malone's middle name? Jaye
18%
What is Darryl Philbin's middle name? Mathias
11%
What is Toby Flenderson's middle name? Wyatt
11%
What is Phyllis Lapin's middle name? Margaret
10%
No matching quizzes found
Score Distribution
Percent of People with Each Score
Percentile by Number Answered
Your Score History
You have not taken this quiz since the last reset